000 01917nka a2200325 i 4500
001 102998
003 ES-MaACL
005 20250821063040.0
007 t|
008 051223q1860 sp f | |r||1c|spa
100 1 _aRoselló y Prados, José María,
_d1835-1872
_eetr
_999702
245 1 0 _aTres Musas
_h[Material gráfico] /
_cLesueur pintó ; Roselló grabó
260 _a[S.l. :
_bs.n.,
_cca. 1860]
300 _a1 estampa :
_bgrabado calcográfico ;
_c335 x 335 mm
490 1 _aColección facticia de grabados ;
_v42
_9184692
500 _aInscripción: "Tres Musas"
520 _aCuentan los lejanos relatos del monte Helicón que había, antes de las 9 musas de Apolo, 3 musas primigenias. Eran 3 hermanas, 3 momentos de la creación artística: Meletea, la mayor, personificaba el pensamiento (las ideas); Mnemea, la mediana, la creación (el autor); y Aedea, la menor, encarnaba la interpretación. El mito dividía en 3 momentos la creación artística, aunque concentraba en uno la actividad creativa: en Mnemea, el autor. Un momento antes de Mnemea la obra aún no existía; un instante después, había fenecido. El pensamiento era el preámbulo de la creación, y el momento posterior, su representación. El intérprete no creaba, sólo reproducía
530 _aDisponible en formato digital
650 7 _aMusas (Divinidades griegas)
_9174492
_2embne
655 7 _aGrabados calcográficos
_2tgfbne
_9241761
655 7 _aGrabados
_2tgfbne
_9226846
655 4 _aReproducciones de obras de arte
_9241931
700 1 _aLesueur, Eustache,
_d1616-1655
_eart
_971868
830 0 _aColección facticia de grabados ;
_v42
_9184692
852 4 _aES-MaACL
_cDEPO2
_jGF-2(42)
856 4 _uhttps://bdh-rd.bne.es/viewer.vm?id=0000150568&page=1
_yVersión en línea
_z(Biblioteca Digital Hispánica)
942 _2udc
_cDIBGRB
_n0
999 _c102998
_d102998